[Event "EU-ch U12 Girls"]
[Site "Batumi"]
[Date "2010.09.27"]
[Round "8"]
[White "Sapanadze, Elene"]
[Black "Suchomelova, Simona"]
[Result "1-0"]
[WhiteElo "1492"]
[BlackElo "1621"]
[PlyCount "87"]
[EventDate "2010.09.20"]
[EventType "swiss"]
[EventRounds "9"]
[EventCountry "GEO"]
[SourceTitle "CBM 138 Extra"]
[Source "ChessBase"]
[SourceDate "2010.10.29"]
[SourceVersion "1"]
[SourceVersionDate "2010.10.29"]
[SourceQuality "1"]

1. e4 c5 2. Nf3 Nc6 3. d3 d6 4. c3 Nf6 5. g3 e6 6. Bg2 Be7 7. 0-0 0-0 8. Be3 Rb8 9. Nbd2 b6 10. Re1 Bb7 11. Qc2 Qc7 12. d4 Rfd8 13. Rad1 cxd4 14. cxd4 Rbc8 15. Rc1 Qb8 16. Qb1 Rd7 17. d5 exd5 18. Bh3 Rdd8 19. Bxc8 Rxc8 20. Bg5 dxe4 21. Bxf6 Bxf6 22. Nxe4 Be5 23. Neg5 g6 24. Nxe5 dxe5 25. Nf3 f6 26. Qd3 Rd8 27. Qb3+ Kg7 28. Rcd1 Qa8 29. Rd3 Na5 30. Rxd8 Qxd8 31. Rd1 Nxb3 32. Rxd8 Bxf3 33. axb3 a6 34. b4 Be2 35. Rb8 Bb5 36. Rxb6 Bc4 37. f3 Bb5 38. Kf2 h5 39. h4 g5 40. hxg5 fxg5 41. Re6 g4 42. Rxe5 gxf3 43. Rxh5 Kg6 44. Rxb5 1-0

[Event "EU-ch U12 Girls"]
[Site "Batumi"]
[Date "2010.09.26"]
[Round "7"]
[White "Gueci, Tea"]
[Black "Sapanadze, Elene"]
[Result "1-0"]
[WhiteElo "1789"]
[BlackElo "1492"]
[PlyCount "77"]
[EventDate "2010.09.20"]
[EventType "swiss"]
[EventRounds "9"]
[EventCountry "GEO"]
[SourceTitle "CBM 138 Extra"]
[Source "ChessBase"]
[SourceDate "2010.10.29"]
[SourceVersion "1"]
[SourceVersionDate "2010.10.29"]
[SourceQuality "1"]

1. e4 e5 2. Nf3 Nc6 3. d4 exd4 4. Nxd4 Nf6 5. Nxc6 bxc6 6. e5 Qe7 7. Qe2 Nd5 8. c4 Ba6 9. b3 f6 10. Bb2 Nb4 11. a3 Nd5 12. g3 fxe5 13. Qh5+ g6 14. Qxe5 Rg8 15. cxd5 Bxf1 16. Rxf1 cxd5 17. Kd1 Qxe5 18. Bxe5 c6 19. Re1 Kf7 20. b4 a5 21. b5 c5 22. Nc3 d4 23. Nd5 Bh6 24. b6 d3 25. Bd6 Rae8 26. Ne7 c4 27. Nxg8 Rxg8 28. Re7+ Kf6 29. Re1 Kf7 30. Be5 d6 31. Bc3 d5 32. Rb1 Bf8 33. b7 Bd6 34. Be5 Bb8 35. Rb5 Rd8 36. Rxa5 d4 37. Ra8 c3 38. Rxb8 Rxb8 39. Bxb8 1-0

[Event "EU-ch U12 Girls"]
[Site "Batumi"]
[Date "2010.09.24"]
[Round "6"]
[White "Sapanadze, Elene"]
[Black "Kaniewska, Emilia"]
[Result "1-0"]
[WhiteElo "1492"]
[BlackElo "1726"]
[PlyCount "91"]
[EventDate "2010.09.20"]
[EventType "swiss"]
[EventRounds "9"]
[EventCountry "GEO"]
[SourceTitle "CBM 138 Extra"]
[Source "ChessBase"]
[SourceDate "2010.10.29"]
[SourceVersion "1"]
[SourceVersionDate "2010.10.29"]
[SourceQuality "1"]

1. e4 c5 2. Nf3 a6 3. d4 cxd4 4. Nxd4 Nf6 5. Nc3 e5 6. Nb3 Bb4 7. Bd2 Bxc3 8. Bxc3 Nxe4 9. Qe2 Nxc3 10. Qxe5+ Qe7 11. Qxe7+ Kxe7 12. bxc3 Re8 13. 0-0-0 b6 14. Bd3 h6 15. Rhe1+ Kf8 16. Nd4 Bb7 17. Rxe8+ Kxe8 18. f3 Nc6 19. Nf5 Kf8 20. Be4 Rd8 21. Nd6 Ba8 22. Nc4 b5 23. Nb6 Ke7 24. Bf5 d6 25. Be4 Bb7 26. g4 Na5 27. Bxb7 Nxb7 28. Nd5+ Kd7 29. c4 bxc4 30. Nb6+ Ke6 31. Nxc4 Rc8 32. Re1+ Kf6 33. Nb6 Rd8 34. Nd5+ Kg6 35. h4 Rd7 36. f4 h5 37. f5+ Kh6 38. g5+ Kh7 39. f6 Kg8 40. Re7 Nc5 41. Re8+ Kh7 42. fxg7 Kxg7 43. Nf6 Kg6 44. Nxd7 Nxd7 45. Rd8 Nc5 46. Rxd6+ 1-0

[Event "EU-ch U12 Girls"]
[Site "Batumi"]
[Date "2010.09.23"]
[Round "4"]
[White "Sapanadze, Elene"]
[Black "Rakic, Teodora"]
[Result "0-1"]
[WhiteElo "1492"]
[BlackElo "1708"]
[PlyCount "124"]
[EventDate "2010.09.20"]
[EventType "swiss"]
[EventRounds "9"]
[EventCountry "GEO"]
[SourceTitle "CBM 138 Extra"]
[Source "ChessBase"]
[SourceDate "2010.10.29"]
[SourceVersion "1"]
[SourceVersionDate "2010.10.29"]
[SourceQuality "1"]

1. e4 c6 2. d4 d5 3. e5 Bf5 4. f4 e6 5. Nf3 Nd7 6. Nbd2 Ne7 7. Nb3 Bg6 8. Be2 Nf5 9. c3 Be7 10. 0-0 0-0 11. c4 Rc8 12. c5 b6 13. cxb6 axb6 14. Bd3 c5 15. Ba6 Rc7 16. Bb5 Nb8 17. Bd3 Nc6 18. Bxf5 Bxf5 19. Be3 c4 20. Nc1 Nb4 21. Ne1 Bh4 22. g3 Be7 23. a3 Qa8 24. Bd2 Na6 25. Nc2 b5 26. Ne3 Be4 27. Na2 Qb8 28. Qe1 Rb7 29. Nb4 Nxb4 30. axb4 Ra7 31. Bc3 Bd3 32. Rf2 Rxa1 33. Qxa1 Qa8 34. Qc1 Rb8 35. Nc2 Bxc2 36. Qxc2 Rb7 37. f5 exf5 38. Qxf5 Bf8 39. e6 Qd8 40. exf7+ Kh8 41. Re2 Re7 42. Rf2 Qd7 43. g4 Qxf5 44. Rxf5 Rd7 45. h4 g6 46. Re5 Kg7 47. h5 Kxf7 48. hxg6+ hxg6 49. g5 Bg7 50. Re1 Re7 51. Rf1+ Ke6 52. Kg2 Kd6 53. Kg3 Re3+ 54. Kg2 Ke6 55. Rd1 Re4 56. Kf3 Kf5 57. Rd2 Kxg5 58. Rg2+ Kf5 59. Bd2 Rxd4 60. Rg5+ Kf6 61. Rg2 Kf7 62. Rf2 Re4 0-1